000 00997nmc a2200349 a 4500
003 AR-BaBNM
005 20251128204500.0
008 226019s1992 ||||||||||||||000 | spa||
020 _a950-36-0113-4-
040 _cAR-BaBNM
100 1 _aMontes, Graciela
245 1 0 _aCuentos del sapo
260 _aBuenos Aires
_bEdiciones culturales argentinas
_bCentro Editor de América Latina
_c1992
300 0 _a56 p.
_bil.
490 0 _aCuentos de mi país
500 0 _aContiene índice de los cuentos
500 0 _aApéndice sobre las fuentes
500 0 _aLista de los títulos de la misma colección
650 4 _aCUENTO INFANTIL
650 4 _aLIBROS PARA NINOS
650 4 _aLITERATURA INFANTIL
650 4 _aFOLKLORE
650 4 _aCUENTOS FOLKLORICOS
650 4 _aCUENTO INFANTIL
650 4 _aLITERATURA FOLKLORICA
650 4 _aFABULAS
650 4 _aCUENTOS DE ANIMALES
651 4 _aArgentina
700 1 _aRojas, Oscar
_eilustrador
942 _cBK
998 _cisola
999 _c7597
_d7597